000 00345nam a2200145Ia 4500
008 230711s9999||||xx |||||||||||||| ||und||
041 _aENG
082 _a677
_bCL-P
100 _aClegg,JK
245 0 _aPractical carding
250 _a1st . Ed.
260 _c1976
_aNew Delhi
_bMahajan Publication
650 _aTextile Engineering
942 _cBK
999 _c3641
_d3641